Loading...
| Painting/Sculpture | 0 | 8 | 1 | 1 | 75 | 72 | 97.00 | 0 | 0 | 6.71 | 19.94 |
| History - World | 0 | 5 | 1 | 1 | 45 | 13 | 43.40 | 3 | 3 | 24.46 | 29.61 |
| Fine Arts - Classical Music | 0 | 5 | 2 | 0 | 40 | 74 | 87.40 | 0 | 4 | 9.95 | 25.60 |
| Fine Arts - Other | 0 | 4 | 1 | 1 | 35 | 29 | 67.00 | 1 | 3 | 13.65 | 21.58 |
| Science - Chemistry | 0 | 4 | 1 | 0 | 35 | 17 | 49.00 | 1 | 1 | 17.38 | 23.51 |
| History - American | 0 | 3 | 0 | 0 | 30 | 87 | 87.33 | 0 | 0 | 4.56 | 11.16 |
| Religion | 0 | 3 | 0 | 1 | 30 | 88 | 97.00 | 0 | 0 | 3.41 | 10.86 |
| History - European | 0 | 3 | 1 | 1 | 25 | 60 | 88.00 | 0 | 0 | 4.45 | 6.25 |
| Social Science | 0 | 3 | 1 | 0 | 25 | 54 | 72.33 | 0 | 1 | 10.21 | 16.27 |
| Philosophy | 0 | 3 | 1 | 0 | 25 | 31 | 67.33 | 1 | 1 | 12.80 | 25.00 |
| Literature - European | 0 | 2 | 0 | 0 | 20 | 95 | 105.50 | 0 | 0 | 2.00 | 4.46 |
| History - Other | 0 | 2 | 0 | 0 | 20 | 33 | 48.00 | 0 | 2 | 9.05 | 13.24 |
| Science - Other | 0 | 2 | 0 | 0 | 20 | 32 | 32.50 | 2 | 2 | 11.53 | 15.48 |
| Literature - American | 0 | 2 | 0 | 0 | 20 | 80 | 87.50 | 0 | 1 | 3.31 | 6.85 |
| Geography | 0 | 2 | 1 | 1 | 15 | 84 | 94.50 | 0 | 0 | 3.82 | 6.55 |
| Current Events | 0 | 2 | 2 | 1 | 10 | 47 | 63.50 | 0 | 0 | 10.92 | 7.91 |
| Literature - British | 0 | 1 | 0 | 0 | 10 | 93 | 93.00 | 0 | 0 | 1.29 | 3.57 |
| Pop Culture | 0 | 1 | 0 | 0 | 10 | 100 | 100.00 | 0 | 0 | 1.52 | 4.76 |
| Science - Biology | 0 | 1 | 0 | 0 | 10 | 68 | 68.00 | 0 | 0 | 2.55 | 4.17 |
| Science - Physics | 0 | 1 | 1 | 0 | 5 | 35 | 35.00 | 0 | 1 | 5.16 | 5.21 |
| Literature - World | 0 | 1 | 1 | 1 | 5 | 112 | 112.00 | 0 | 0 | 0.00 | 1.19 |
| Mythology | 0 | 0 | 2 | 0 | -10 | 0.00 | 0 | 0 | 0.00 | 0.00 |